00700nam a2200205 4500003000400000005001700004008004100021040001800062050001500080100004200095245008400137264005100221300002700272336002200299337002400321338002400345505008800369650002300457650001400480OSt20260530115305.0260422b1967 nyua|||| |||| 00| 0 eng d aICIbspacICI aHT151bE521 aEldredge, Hanford Wentworth, d1909-,10aaming megalopolis /cEd. with a preface and headnotes, by h. wentworth eldredge 1bAnchor Books, c1967aGarden City, New York. : a576 páginasc18.2 cm atexto2rdacontent asin medio2rdamedia avolumen2rdacarrier aContenido: v.1. what is and what could be.-- v.2. how to manage an urbanized world  0aCiudades y pueblos 0aUrbanismo